[Event "Wch U10"]
[White "Yrysov, Timur"]
[Black "Katta, Sriansh"]
[Site "Montesilvano"]
[Round "10"]
[Result "0-1"]
[Date "2024.11.25"]
[WhiteElo "1604"]
[BlackElo "1766"]
[PlyCount "118"]
[EventDate "2024.11.15"]
[EventType "swiss"]
[EventRounds "11"]
[EventCountry "ITA"]
[SourceTitle "CB48_2024"]
[SourceDate "2024.11.28"]
[SourceVersion "1"]
[SourceVersionDate "2024.11.28"]
[SourceQuality "1"]

1. e4 c5 2. Nf3 Nc6 3. d4 cxd4 4. Nxd4 e5 5. Nb5 d6 6. c4 Be6 7. N5c3 g6 8. Bd3 Bg7 9. 0-0 Nd4 10. Nd5 Bxd5 11. cxd5 Nf6 12. Bg5 0-0 13. Nd2 h6 14. Be3 Nd7 15. Nb3 f5 16. Bxd4 exd4 17. exf5 gxf5 18. Bb5 Nc5 19. Nxc5 dxc5 20. Bc4 Qd6 21. Re1 Rf6 22. Qf3 Raf8 23. Re6 Rxe6 24. dxe6 Qe7 25. Re1 Kh8 26. Qd5 b6 27. h3 Kg8 28. Qd7 Re8 29. Kh2 Bf6 30. Qxe7 Rxe7 31. f4 Kf8 32. Bd3 Ke8 33. Bxf5 c4 34. g4 d3 35. b3 d2 36. Rd1 c3 37. Kg3 Rxe6 38. h4 Re3+ 39. Kf2 Bd4 40. Kg2 Re2+ 41. Kf3 Rf2+ 42. Kg3 Be3 43. g5 Rxf4 44. Bg6+ Ke7 45. gxh6 Rf6 46. Bc2 Bxh6 47. Kg2 Kd6 48. Rf1 Re6 49. Rf3 Bg7 50. Rg3 Bh8 51. h5 Re2+ 52. Kf3 Re1 53. Rg8 Bf6 54. h6 d1Q+ 55. Bxd1 Rxd1 56. h7 c2 57. Rd8+ Kc7 58. h8Q Bxh8 59. Rxh8 c1Q 0-1